[Event "WJCC U20 Open 2019"]
[Site "New Delhi"]
[Date "2019.10.17"]
[Round "3.3"]
[White "Haria, Ravi"]
[Black "Praggnanandhaa R"]
[Result "1/2-1/2"]
[WhiteElo "2463"]
[BlackElo "2567"]
[Annotator "TA"]
[PlyCount "58"]
[EventDate "2019.10.15"]
[EventType "swiss"]
[EventCountry "IND"]
[SourceTitle "playchess.com"]
[Source "ChessBase"]
[SourceQuality "1"]

{[%evp 9,58,13,33,19,9,12,16,4,12,15,58,36,81,67,81,77,77,77,100,-60,-49,-58,0,0,25,19,27,27,27,21,29,47,102,98,204,217,204,218,209,206,200,99,117,71,120,0,0,0,0,0,0]} 1. Nf3 Nf6 2. g3 b5 3. Bg2 Bb7 4. Na3 a6 5. c4 e5 (5... b4 6. Nc2 e6 7. O-O Be7 8. d4 Be4 9. a3 bxa3 10. b3 O-O 11. Bxa3 d6 12. Ne3 c6 13. Qd2 Nbd7 14. Nd1 Qb6 15. Nc3 Qxb3 16. Ne5 dxe5 17. Bxe7 exd4 18. Nxe4 Nxe4 19. Bxe4 Rfe8 20. Bxc6 Ra7 21. Qxd4 {1-0 (21) Nakamura,H (2793)-Oparin,G (2604) Zuerich 2017}) 6. b3 {A05: Réti Opening: 1 Nf3 Nf6} Bc5 7. O-O O-O 8. e3 $146 ({Predecessor:} 8. Nc2 d6 9. d3 Nbd7 10. Be3 bxc4 11. bxc4 Bxe3 12. Nxe3 Nc5 13. Qd2 {0-1 (50) Lagunow,A (2399)-Fridman,D (2637) Karlsruhe 2018}) 8... Qe7 9. Nc2 e4 10. Nfd4 d6 11. Bb2 bxc4 12. Nf5 Qe6 13. Bh3 Kh8 14. Bg4 $2 (14. bxc4 $16 Nbd7 15. Kg2) 14... Nbd7 $15 15. h3 {Black must now prevent Nxg7!} cxb3 (15... Qe8 $1 $15) 16. axb3 $11 {And now Nxg7! would win.} Qe8 17. Nxg7 Kxg7 18. Bxd7 Qxd7 19. Qh5 $1 $40 {[%cal Rh5g5][%mdl 128] White threatens Qg5+ and mate. White has some attack.} h6 {Threatens to win with ...Qe6.} 20. Ra5 $1 Rfe8 (20... Qe6 $14 21. b4 Kh7 22. Bxf6 Bxb4 23. Nxb4 Qxf6) 21. Qh4 $1 $16 {[%cal Rh4f6][%mdl 1024] White has strong compensation.} Qe6 (21... Qf5 $16) 22. b4 $18 Bb6 23. Rh5 $1 {[%cal Rh5h6]} Rh8 {[#] Hoping for ...Kg6.} 24. g4 $1 Rag8 {[#]} 25. Rf5 (25. Nd4 $1 $18 {[%cal Rd4e6] and the rest is easy.} Bxd4 26. Bxd4) 25... Kf8 $16 {Strongly threatening ...Qxf5.} 26. Rxf6 ({Don't play} 26. Qxf6 $6 Ke8 $11) 26... Qb3 27. Rxh6 (27. Ba1 $16 Ke8 28. Nd4 Bxd4 29. Bxd4) 27... Qxb2 $11 {The position is equal.} 28. Qd8+ Kg7 29. Qg5+ Kf8 {Accuracy: White = 65%, Black = 44%.} 1/2-1/2

[Event "WJCC U20 Open 2019"]
[Site "New Delhi"]
[Date "2019.10.17"]
[Round "3.4"]
[White "Amartuvshin, Ganzorig"]
[Black "Santos Ruiz, Miguel"]
[Result "0-1"]
[WhiteElo "2391"]
[BlackElo "2560"]
[Annotator "TA"]
[PlyCount "49"]
[EventDate "2019.10.15"]
[EventType "swiss"]
[EventCountry "IND"]
[SourceTitle "playchess.com"]
[Source "ChessBase"]
[SourceQuality "1"]

{[%evp 12,49,20,4,21,-20,-21,-44,16,8,14,4,38,52,60,40,48,10,15,0,8,18,8,14,13,11,31,0,0,0,-17,-4,1,-154,-127,-171,-170,-212,-227,-209]} 1. d4 Nf6 2. c4 e6 3. Nc3 Bb4 4. f3 c5 5. d5 d6 6. e4 O-O 7. Bd3 b5 {E20: Nimzo-Indian: 4 g3 and 4 f3} 8. cxb5 (8. Nge2 bxc4 9. Bxc4 exd5 10. Bxd5 Nxd5 11. Qxd5 Qb6 12. Bf4 Be6 13. Qxa8 Nc6 14. Qxf8+ Kxf8 15. Bxd6+ {1-0 (75) Mamedyarov,S (2766)-So,W (2808) chess.com INT 2017}) 8... exd5 9. exd5 Nbd7 (9... a6 $15) 10. Nge2 $11 a6 11. O-O Qb6 12. Kh1 Ne5 13. Bg5 Nfd7 14. Bc2 axb5 15. Ne4 $146 {[#] Hoping for a3.} ({Predecessor:} 15. a3 Bxc3 16. Nxc3 {0-1 (46) Rudolph,J (2314)-Graf,A (2613) Germany 2006}) 15... Bb7 16. a3 Ba5 17. Be7 Rfe8 18. Bxd6 {And now b4 would win.} Nc4 {[#] Strongly threatening ...Ne3.} 19. Bf4 Nxb2 20. Qb1 Nc4 $36 {[%mdl 2048] Black is pushing.} 21. Rd1 Nde5 22. N2c3 $2 (22. Bb3 $11) 22... Ng6 23. Bg5 h6 24. Qxb5 Qxb5 25. Nxb5 {Accuracy: White = 44%, Black = 33%.} 0-1

[Event "WJCC U20 Open 2019"]
[Site "New Delhi"]
[Date "2019.10.17"]
[Round "3.5"]
[White "Karthikeyan, Murali"]
[Black "Aaryan Varshney"]
[Result "1-0"]
[WhiteElo "2617"]
[BlackElo "2239"]
[Annotator "TA"]
[PlyCount "113"]
[EventDate "2019.10.15"]
[EventType "swiss"]
[EventCountry "IND"]
[SourceTitle "playchess.com"]
[Source "ChessBase"]
[SourceQuality "1"]

{[%evp 11,113,18,14,0,0,-30,-24,-31,-25,-97,40,42,29,37,41,34,104,37,35,33,33,37,35,39,60,61,86,68,71,47,54,54,70,51,64,59,44,44,49,31,27,19,97,59,92,88,134,126,159,29,28,0,133,131,144,126,145,132,131,0,160,102,266,234,267,220,225,147,177,162,161,0,220,193,247,225,254,244,364,347,313,259,387,396,445,445,604,568,834,803,29985,29986,29987,29986,29988,29978,29984,29977,29982,29983,29995,29996,29997,29998]} 1. e4 e5 2. Nf3 Nf6 3. Nxe5 d6 4. Nc4 Nxe4 5. Qe2 Qe7 6. Ne3 Nf6 7. Nc3 {C42: Petroff Defence: 3 Nxe5 and unusual White 3rd moves} Be6 (7... Nc6 8. Ncd5 Nxd5 9. Nxd5 Qxe2+ 10. Bxe2 Nd4 11. Nxc7+ Kd8 12. Nxa8 Nxc2+ 13. Kd1 Nxa1 14. d3 Be6 {½-½ (31) Wei,Y (2741)-Xu,X (2583) Daqing 2019}) 8. d4 d5 $1 9. g4 $146 {Black has an edge.} ({Predecessor:} 9. Qd1 Qd7 10. Bb5 c6 11. Bd3 Bd6 12. O-O Qc7 13. h3 O-O 14. Qf3 {½-½ (91) Iskandarov,M (2482)-Koksal,E (2367) Mersin 2018}) 9... h6 10. f4 (10. Bd2 $11 {keeps the balance.}) 10... c6 (10... Nc6 $17 {Hoping for ...Nxg4.} 11. f5 Nxd4) 11. h3 $14 Na6 {[%cal Bb8a6,Ba6c7,Bc7e6,Be6f4][%mdl 32]} 12. Bd2 O-O-O 13. O-O-O Ne4 ({Black should try} 13... Nc7 $14) 14. f5 (14. Nxe4 $16 {Black must now prevent Nf2.} dxe4 15. Ba5) 14... Nxc3 15. Bxc3 Bd7 16. Qf2 Nc7 17. Bd3 Qd6 18. Ng2 Be7 19. Kb1 g5 20. a3 Qf6 21. Ne1 Ne6 22. Nf3 Nf4 23. Ne5 h5 24. Bd2 Nxd3 25. cxd3 Qg7 26. Rhe1 Bf6 (26... Bd6 $1 $11) 27. Bb4 hxg4 28. hxg4 Rde8 29. Qc2 Bd8 30. Qa4 (30. Qc5 $1 $16 {[%cal Rc5a7]} b6 31. Qd6 Rxe5 32. dxe5) 30... a6 $1 $11 31. Ba5 Bxa5 (31... Rxe5 $1 $11 {remains equal.} 32. dxe5 c5) 32. Qxa5 $16 f6 33. Ng6 $36 {[%mdl 2048] White has strong initiative.} Rxe1 34. Rxe1 Re8 {[#]} 35. Rc1 (35. Ka2 $1 $16) 35... Kb8 $2 {[#]} (35... Qh7 $11) 36. Qc5 ({White should play} 36. Qb4 $1) 36... Re3 $2 (36... Kc7 $16) 37. Qd6+ $18 Ka7 38. Qc7 {Strongly threatening Rxc6!} Ka8 39. Rc3 {Threatens to win with Rb3.} Re8 40. Rb3 {[%csl Gb3][%cal Rc7b7]} Rb8 41. Rc3 $2 (41. Ka2 $18) 41... Rc8 $2 (41... Re8 $1 $11) 42. Qd6 Re8 (42... Ka7 $142 43. Rc2 Re8) 43. Rc1 Ka7 44. Rh1 Kb6 (44... Ka8 $142 45. Kc2 a5) 45. Kc1 Ka7 46. Kd2 Bc8 (46... a5 {might work better.} 47. Qc7 Rc8 48. Qxa5+ Kb8) 47. Re1 Rxe1 48. Kxe1 Qh6 49. Ne7 Qh1+ 50. Kd2 Qg2+ {[#]} 51. Kc3 $1 {[%mdl 512] White mates.} Qf1 52. Nxc8+ Ka8 53. Nb6+ Ka7 54. Nd7 {[%csl Gd7][%cal Rd6b8]} Qc1+ 55. Kb3 {[%csl Gd7][%cal Rd6b8]} Qd1+ 56. Ka2 {[%csl Gd7][%cal Rd6b8]} a5 57. Qc5+ {[%mdl 64] Double Attack. Accuracy: White = 60%, Black = 46%.} 1-0

[Event "WJCC U20 Open 2019"]
[Site "New Delhi"]
[Date "2019.10.17"]
[Round "3.6"]
[White "Raghunandan, Kaumandur Srihari"]
[Black "Kollars, Dmitrij"]
[Result "1/2-1/2"]
[WhiteElo "2449"]
[BlackElo "2587"]
[Annotator "TA"]
[PlyCount "45"]
[EventDate "2019.10.15"]
[EventType "swiss"]
[EventCountry "IND"]
[SourceTitle "playchess.com"]
[Source "ChessBase"]
[SourceQuality "1"]

{[%evp 13,45,18,25,14,20,20,8,18,22,10,4,4,16,0,0,0,0,0,12,9,7,0,0,0,0,0,0,2,14,0,31,20,35,34]} 1. c4 Nf6 2. Nc3 e6 3. e4 d5 4. e5 d4 5. exf6 dxc3 6. bxc3 Qxf6 7. d4 b6 8. Be2 {A18: English Opening: Flohr-Mikenas System (1 c4 Nf6 2 Nc3 e6 3 e4)} (8. Bd3 {feels hotter.} Bb7 9. Nf3 h6 10. O-O Bd6 11. Nd2) (8. h4 Bb7 9. Bg5 Qf5 10. Bd3 Qa5 11. Kf1 Nc6 12. Rb1 f6 13. Bd2 O-O-O 14. a4 e5 15. c5 Bxc5 16. Rb5 Qa6 17. Rh3 Bxd4 18. Be2 Rd6 19. Rb1 Qa5 20. Rb5 Qa6 21. Rb1 Qa5 22. Rb5 {½-½ (22) Aronian,L (2794)-Ding,L (2769) Berlin 2018}) 8... Bb7 9. Bf3 Bxf3 10. Nxf3 {The position is equal.} Bd6 11. O-O {Threatens to win with c5!} O-O 12. Bg5 $146 ({Predecessor:} 12. Qd3 h6 13. Qe4 Nd7 14. a4 Qe7 15. Bd2 c5 {1-0 (46) Godry,C (1962)-Decrop,B (2183) Roux 2019}) 12... Qg6 13. Qa4 f6 14. Bh4 Qe8 15. Qc2 Nd7 16. Rfe1 Qf7 17. Qe4 e5 18. Qc6 Rae8 19. Bg3 Re6 {White should prevent ...Bb4!} 20. Qa4 Re7 21. Rad1 Rfe8 22. dxe5 fxe5 23. Ng5 {Accuracy: White = 42%, Black = 84%.} ({But not} 23. Qxa7 Nc5 $17) 1/2-1/2

[Event "WJCC U20 Open 2019"]
[Site "New Delhi"]
[Date "2019.10.17"]
[Round "3.7"]
[White "Hakobyan, Aram"]
[Black "Murzin, Volodar"]
[Result "1/2-1/2"]
[WhiteElo "2561"]
[BlackElo "2433"]
[Annotator "TA"]
[PlyCount "55"]
[EventDate "2019.10.15"]
[EventType "swiss"]
[EventCountry "IND"]
[SourceTitle "playchess.com"]
[Source "ChessBase"]
[SourceQuality "1"]

{[%evp 10,55,11,19,31,25,33,28,39,36,27,34,40,14,31,9,48,40,58,53,53,46,57,51,50,41,35,27,29,29,26,21,21,0,27,27,28,28,28,21,21,6,7,10,28,0,34,0]} 1. e4 c6 2. d4 d5 3. e5 Bf5 4. Nd2 e6 5. Nb3 Nd7 6. Nf3 Ne7 {B12: Caro-Kann: Advance Variation} 7. Be2 Bg6 8. Nh4 c5 $146 {White has an edge.} ({Predecessor:} 8... Be4 9. O-O c5 10. f3 Bg6 11. dxc5 Nc6 12. g3 a5 13. Nxg6 hxg6 14. f4 {½-½ (57) Alekseev,E (2640)-Asrian,K (2646) Sochi 2006}) 9. c3 Nc6 10. Nxg6 hxg6 11. g3 Be7 12. O-O Qc7 13. Be3 O-O-O 14. f4 Kb8 15. Rf2 ({Reject} 15. Nxc5 Nxc5 16. dxc5 d4 $15) 15... cxd4 16. cxd4 Rc8 17. Rc1 Qb6 18. Bf1 Na5 19. Nxa5 {[#] And now Nb3 would win.} Rxc1 20. Qxc1 {aiming for Nb3.} Qxa5 21. Rc2 Nb6 22. a3 Rc8 23. Rxc8+ Nxc8 24. Qc2 a6 25. g4 Bh4 26. Kg2 Be7 27. Kg1 Bh4 28. Kg2 {Accuracy: White = 56%, Black = 70%.} (28. Bd2 $5 {[%cal Rd2a5]} Qb6 29. Qc3 $11) 1/2-1/2

[Event "WJCC U20 Open 2019"]
[Site "New Delhi"]
[Date "2019.10.17"]
[Round "3.8"]
[White "Harsha Bharathakoti"]
[Black "Davtyan, Artur"]
[Result "1/2-1/2"]
[WhiteElo "2530"]
[BlackElo "2418"]
[Annotator "ChessBase"]
[PlyCount "83"]
[EventDate "2019.10.15"]
[EventType "swiss"]
[EventCountry "IND"]
[SourceTitle "playchess.com"]
[Source "ChessBase"]
[SourceQuality "1"]
[TimeControl "40/5400+30:1800+30"]

1. d4 {[%emt 0:00:09]} d5 {[%emt 0:06:12]} 2. c4 {[%emt 0:00:17]} e6 {[%emt 0:01:11]} 3. Nf3 {[%emt 0:00:46]} Nf6 {[%emt 0:00:07]} 4. g3 {[%emt 0:00:47]} dxc4 {[%emt 0:00:05]} 5. Bg2 {[%emt 0:00:54]} Nc6 {[%emt 0:00:05]} 6. Qa4 {[%emt 0:04:03]} Bb4+ {[%emt 0:00:16]} 7. Bd2 {[%emt 0:00:07]} Nd5 {[%emt 0:00:04]} 8. Bxb4 {[%emt 0:00:20]} Ndxb4 {[%emt 0:00:05]} 9. Nc3 {[%emt 0:00:09]} Bd7 {[%emt 0:00:15]} 10. O-O {[%emt 0:00:38]} a5 {[%emt 0:00:21]} 11. Qd1 {[%emt 0:00:46]} O-O {[%emt 0:01:16]} 12. e3 {[%emt 0:00:48]} a4 {[%emt 0:02:04]} 13. Nxa4 {[%emt 0:04:29]} Nxd4 {[%emt 0:00:17]} 14. Qxd4 {[%emt 0:00:47]} Bxa4 {[%emt 0:00:45]} 15. Qxc4 {[%emt 0:00:11]} Qe7 {[%emt 0:00:12]} 16. Rfc1 {[%emt 0:08:24]} Rfc8 {[%emt 0:02:44]} 17. a3 {[%emt 0:01:28]} Nd5 {[%emt 0:00:35]} 18. Nd4 {[%emt 0:00:05]} Nb6 {[%emt 0:24:31]} 19. Qb4 {[%emt 0:32:11]} Qxb4 {[%emt 0:05:01]} 20. axb4 {[%emt 0:00:24]} Rab8 {[%emt 0:05:09]} 21. b5 {[%emt 0:03:36]} c5 {[%emt 0:27:15]} 22. bxc6 {[%emt 0:00:07]} Bxc6 {[%emt 0:00:32]} 23. Nxc6 {[%emt 0:15:52]} bxc6 {[%emt 0:00:06]} 24. Bxc6 {[%emt 0:00:07]} Kf8 {[%emt 0:00:00]} 25. Bg2 {[%emt 0:00:53]} Kg8 26. Bc6 {[%emt 0:00:07]} Kf8 {[%emt 0:02:01]} 27. b4 {[%emt 0:07:51]} Rc7 {[%emt 0:00:30]} 28. b5 {[%emt 0:00:30]} Nc8 29. Rd1 {[%emt 0:04:46]} Ke7 {[%emt 0:06:49]} 30. Ra8 {[%emt 0:03:29]} Rb6 {[%emt 0:08:28]} 31. Rda1 {[%emt 0:01:24]} Kf6 {[%emt 0:01:00]} 32. R1a6 {[%emt 0:01:06]} Rxa6 {[%emt 0:00:13]} 33. Rxa6 {[%emt 0:00:05]} Na7 {[%emt 0:00:13]} 34. Be8 {[%emt 0:01:13]} Rb7 {[%emt 0:00:05]} 35. Bc6 {[%emt 0:04:35]} Nxc6 {[%emt 0:03:08]} 36. bxc6 {[%emt 0:00:04]} Rc7 {[%emt 0:00:02]} 37. f4 {[%emt 0:02:06]} Ke7 {[%emt 0:03:41]} 38. e4 {[%emt 0:00:26]} e5 {[%emt 0:00:40]} 39. Kg2 {[%emt 0:02:14]} exf4 {[%emt 0:01:40]} 40. gxf4 {[%emt 0:00:02]} Kd6 {[%emt 0:00:59]} 41. e5+ {[%emt 0:30:18]} Kd5 {[%emt 0:30:12]} 42. Kf3 {[%emt 0:01:40] Kxe5 Ke4+} 1/2-1/2

[Event "WJCC U20 Open 2019"]
[Site "New Delhi"]
[Date "2019.10.17"]
[Round "3.9"]
[White "Agmanov, Zhandos"]
[Black "Visakh N R"]
[Result "1-0"]
[WhiteElo "2403"]
[BlackElo "2529"]
[Annotator "TA"]
[PlyCount "43"]
[EventDate "2019.10.15"]
[EventType "swiss"]
[EventCountry "IND"]
[SourceTitle "playchess.com"]
[Source "ChessBase"]
[SourceQuality "1"]

{[%evp 13,127,18,26,3,8,17,31,16,29,31,27,10,31,25,50,52,47,39,27,39,60,34,43,20,61,63,165,163,206,196,283,257,281,238,247,237,229,238,273,263,244,205,296,290,291,305,466,472,461,431,589,588,553,541,508,489,6330,2672,12841,384,339,336,314,304,720,517,477,402,525,506,876,769,815,802,754,718,624,427,540,634,1332,1331,874,981,1399,12833,1845,989,12843,12843,12844,12844,12845,12845,12845,12841,12842,12843,12846,12843,12844,12843,12844,12844,12850,12850,27994,27994,27995,27993,27994,27994,27995,27994,27996,27996]} 1. e4 c5 2. Nf3 d6 3. d4 cxd4 4. Nxd4 Nf6 5. Nc3 a6 6. Be3 e5 7. Nb3 Be6 8. h3 {B90: Sicilian Najdorf: Unusual White 6th moves, 6 Be3 Ng4 and 6 Be3 e5} (8. Qd2 Nbd7 9. f3 h5 10. O-O-O Be7 11. Bg5 b5 12. h4 Rc8 13. Kb1 O-O 14. a3 Re8 15. Be2 Qb6 16. Rhg1 Bf8 17. Nc1 Rc7 18. N1a2 Rec8 {0-1 (36) Inarkiev,E (2693)-Vidit,S (2707) Danzhou 2019}) 8... Be7 9. f4 exf4 10. Bxf4 {White is slightly better.} Nc6 11. Qe2 Nd7 12. O-O-O Nde5 13. Qd2 Ng6 14. g3 $146 ({Predecessor:} 14. Be3 Rc8 15. Kb1 O-O {1-0 (24) Shen,A (2286)-Amanov,M (2484) Arlington 2013}) 14... O-O 15. Kb1 {[%cal Rf4d6]} Nxf4 16. gxf4 Rc8 17. Be2 Bf6 18. Bg4 Bxc3 19. Qxc3 f5 {[#]} (19... Qe7 $14) 20. Nc5 $1 $18 {[%cal Rc5e6][%mdl 576] Double Attack, Pin} Bxa2+ (20... dxc5 21. Rxd8) 21. Kxa2 fxg4 {[#]} (21... Na5 $142) 22. Qb3+ {Played: Nc5-e6} 1-0

[Event "WJCC U20 Open 2019"]
[Site "New Delhi"]
[Date "2019.10.17"]
[Round "3.10"]
[White "Lobanov, Sergei"]
[Black "Anuj Shrivatri"]
[Result "1/2-1/2"]
[WhiteElo "2516"]
[BlackElo "2390"]
[Annotator "ChessBase"]
[PlyCount "58"]
[EventDate "2019.10.15"]
[EventType "swiss"]
[EventCountry "IND"]
[SourceTitle "playchess.com"]
[Source "ChessBase"]
[SourceQuality "1"]
[TimeControl "40/5400+30:1800+30"]

1. e4 {[%emt 0:00:00]} c5 {[%emt 0:00:00]} 2. Nf3 {[%emt 0:00:00]} e6 {[%emt 0:00:00]} 3. d4 {[%emt 0:00:01]} cxd4 {[%emt 0:00:05]} 4. Nxd4 {[%emt 0:00:03]} Nc6 {[%emt 0:00:12]} 5. Nc3 {[%emt 0:00:08]} Qc7 {[%emt 0:00:08]} 6. Be3 {[%emt 0:01:01]} a6 {[%emt 0:00:15]} 7. Qd2 {[%emt 0:00:49]} Nf6 {[%emt 0:00:23]} 8. O-O-O {[%emt 0:00:59]} Bb4 {[%emt 0:00:21]} 9. f3 {[%emt 0:00:05]} Ne5 {[%emt 0:00:13]} 10. a3 {[%emt 0:04:50]} Bxc3 {[%emt 0:00:31]} 11. Qxc3 {[%emt 0:00:07]} Qxc3 {[%emt 0:00:13]} 12. bxc3 {[%emt 0:00:05]} d5 {[%emt 0:00:29]} 13. exd5 {[%emt 0:02:05]} Nxd5 {[%emt 0:00:30]} 14. Bd2 {[%emt 0:00:00]} b5 {[%emt 0:02:28]} 15. f4 {[%emt 0:03:17]} Nc4 {[%emt 0:07:25]} 16. Bxc4 {[%emt 0:00:05]} bxc4 {[%emt 0:00:09]} 17. Rhe1 {[%emt 0:00:02]} O-O {[%emt 0:04:31]} 18. g4 {[%emt 0:04:50]} Bd7 {[%emt 0:16:52]} 19. f5 {[%emt 0:00:16]} Rfe8 {[%emt 0:13:26]} 20. fxe6 {[%emt 0:00:13]} Bxe6 {[%emt 0:00:39]} 21. Re5 {[%emt 0:06:58]} Bxg4 {[%emt 0:11:20]} 22. Rxd5 {[%emt 0:00:07]} Bxd1 {[%emt 0:00:13]} 23. Kxd1 {[%emt 0:00:01]} Re4 {[%emt 0:02:27]} 24. Be1 {[%emt 0:04:33]} g6 {[%emt 0:08:37]} 25. Rc5 {[%emt 0:05:10]} Rb8 {[%emt 0:10:24]} 26. Bg3 {[%emt 0:04:36]} Rb1+ {[%emt 0:00:55]} 27. Kd2 {[%emt 0:00:01]} h5 {[%emt 0:03:24]} 28. Be5 {[%emt 0:09:54]} f6 {[%emt 0:02:45]} 29. Bxf6 {[%emt 0:06:20]} Rf1 {[%emt 0:05:34]} 1/2-1/2

[Event "WJCC U20 Open 2019"]
[Site "New Delhi"]
[Date "2019.10.17"]
[Round "3.11"]
[White "Dobrovoljc, Vid"]
[Black "Iniyan, P."]
[Result "0-1"]
[WhiteElo "2389"]
[BlackElo "2509"]
[Annotator "TA"]
[PlyCount "72"]
[EventDate "2019.10.15"]
[EventType "swiss"]
[EventCountry "IND"]
[SourceTitle "playchess.com"]
[Source "ChessBase"]
[SourceQuality "1"]

{[%evp 13,72,40,47,41,41,20,75,75,75,73,73,73,98,98,100,86,86,86,91,76,87,86,95,85,86,86,88,66,64,79,70,80,68,69,111,1,16,0,16,0,0,-116,-112,-198,-137,-226,-184,-488,-504,-490,-490,-826,-818,-1654,-1633,-1571,-1501,-1389,-1360,-2307,-1777]} 1. d4 Nf6 2. c4 g6 3. Nc3 Bg7 4. e4 d6 5. h3 O-O 6. Be3 e5 7. d5 a5 8. g4 {E71: King's Indian: 4 e4 d6 5 h3} Na6 9. Nge2 Nd7 (9... h5 $11) 10. h4 $16 {White is better.} Nf6 11. f3 $1 h5 12. g5 Nh7 $146 ({Predecessor:} 12... Nd7 13. Qd2 f6 14. O-O-O fxg5 15. Bxg5 {0-1 (90) Riazantsev,A (2710)-Wen,Y (2549) Beijing 2012}) 13. Qd2 f6 14. Bg2 fxg5 15. hxg5 Nc5 16. O-O-O a4 17. Kb1 Bd7 18. Rdf1 a3 {White should prevent ...axb2.} 19. b3 $1 Qe7 20. Bh3 (20. Rc1 {looks sharper.} Qe8 21. Rc2 Rf7 22. Ka1 Qd8 23. Rcc1) 20... Bxh3 21. Rxh3 Rf7 22. Rg3 Raf8 23. Ng1 Rf4 24. Bxf4 (24. Rd1 $16) 24... exf4 $11 25. Rg2 Nxg5 26. Kc2 Kh7 27. b4 (27. Rh2 $11 {remains equal.}) 27... Nd7 $1 $17 {[%cal Bc5d7,Bd7e5,Be5c4][%mdl 1056] Black has strong compensation.} 28. Kb3 (28. Qc1 $17 {was called for.}) 28... c5 $1 $19 29. b5 (29. Na4 $17) 29... Bd4 30. Nb1 $2 ({Don't blunder} 30. Kxa3 $2 Ne5 $19) (30. Qe1) 30... Ne5 {Black is clearly winning.} 31. Qe2 Qd8 32. Kc2 (32. Qd1 $142 Kh6 33. Qe2) 32... Qa5 33. Rxg5 {[#]} Qa4+ $1 {[%mdl 64] Double Attack} ({Stronger than} 33... Qb4 {[#]} 34. Rxe5 $1 {[%mdl 512]} Bxe5 35. Kd3 $16) 34. Kc1 Be3+ 35. Nd2 Nxc4 $1 36. Rd1 Qb4 {Accuracy: White = 41%, Black = 85%.} 0-1

[Event "WJCC U20 Open 2019"]
[Site "New Delhi"]
[Date "2019.10.17"]
[Round "3.12"]
[White "Mendonca, Leon Luke"]
[Black "Kuybokarov, Temur"]
[Result "1/2-1/2"]
[WhiteElo "2388"]
[BlackElo "2501"]
[Annotator "TA"]
[PlyCount "185"]
[EventDate "2019.10.15"]
[EventType "swiss"]
[EventCountry "IND"]
[SourceTitle "playchess.com"]
[Source "ChessBase"]
[SourceQuality "1"]

{[%evp 20,185,2,0,0,0,18,18,18,18,17,17,14,14,16,22,75,76,88,80,86,21,16,0,0,0,0,0,0,-3,0,0,0,0,-5,-9,0,0,0,0,0,0,0,0,18,0,0,0,0,0,0,0,0,0,0,0,0,0,149,149,149,113,113,70,149,149,149,149,149,149,149,149,152,152,152,152,152,152,189,189,189,189,189,189,189,207,256,189,189,189,189,189,189,189,189,189,189,189,189,189,12807,189,12124,189,189,189,189,189,6207,189,5120,0,0,0,0,0,0,0,0,0,0,0,0,0,0,0,0,0,0,0,0,0,0,0,0,0,0,0,0,0,0,0,0,0,0,0,0,0,0,0,0,0,0,0,0,0,0,0,0,0,0,0,0,0,0,0,0,0]} 1. d4 Nf6 2. c4 g6 3. Nc3 d5 4. cxd5 Nxd5 5. e4 Nxc3 6. bxc3 Bg7 7. Be3 c5 8. Rc1 Qa5 9. Qd2 cxd4 10. cxd4 {[%cal Bc3d4,Bd4d5][%mdl 32]} Qxd2+ 11. Bxd2 O-O {D85: Exchange Grünfeld: Unusual White 7th moves and lines with 7 Nf3} 12. Nf3 Bg4 13. Be3 {[#]} Nc6 $146 ({Predecessor:} 13... Bxf3 14. gxf3 Nc6 {½-½ (42) Sargissian,G (2667)-Li,C (2649) Wijk aan Zee 2011}) 14. d5 Bxf3 15. gxf3 Nd4 16. Bh3 f5 17. Kf1 e6 (17... Rfc8 $11 {keeps the balance.}) 18. dxe6 $16 Nxe6 19. exf5 gxf5 20. Kg2 (20. Rd1 $16) 20... Bd4 $11 21. Rc2 Rad8 22. Rb1 b6 23. Rc6 Rf6 24. Kh1 {next Rd1 is good for White.} Bxe3 25. fxe3 Rd2 26. Rg1+ Kf7 27. Bf1 Rh6 {[%csl Gd2][%cal Rh6h2]} 28. Rg2 Rxg2 29. Bxg2 {[%mdl 4096] Endgame KRB-KRN} f4 30. exf4 Rh5 31. Bf1 {And now Bc4 would win.} Ke7 32. f5 Rxf5 33. Bh3 Re5 34. Bxe6 Rxe6 {KR-KR} 35. Rc7+ Kf6 36. Rxa7 Re2 37. a4 h5 38. Rb7 h4 (38... Kf5 $11) 39. Rxb6+ $16 Kf5 40. Rb4 h3 {[%cal Re2e1]} 41. Rg4 $1 Rf2 (41... Re1+ $1 $14 42. Rg1 Re7) 42. Kg1 Ra2 43. Rh4 Rg2+ 44. Kh1 $1 Ra2 {[%cal Ra2a1]} 45. Rxh3 Kf4 46. Rg3 $1 Ke3 47. h4 $1 Rxa4 48. Rh3 $1 {aiming for h5.} Ra6 {[#]} 49. h5 $1 {[%cal Rh5h6]} Rh6 50. Kg2 Kf4 51. Rh1 Kg5 52. Kg3 Kf6 53. Kg4 Kg7 54. Kg5 Rb6 55. f4 Rb2 56. h6+ Kh7 57. f5 Rg2+ 58. Kf6 Ra2 59. Re1 Ra5 $2 (59... Rb2 60. Rh1 Ra2) 60. Re2 $2 (60. Kg5 {White wants to mate with Re7+.} Ra7 61. Re5) 60... Ra8 $2 (60... Ra1 61. Re8 Rb1) 61. Re4 $2 (61. Kg5 Ra7 62. Re5) 61... Ra2 62. Re3 Ra1 63. Rd3 Ra8 $2 (63... Rb1 64. Rh3 Ra1) 64. Rd2 $2 (64. Kg5 {Threatening mate with Rd7+.} Rg8+ 65. Kh5) 64... Rf8+ $2 {[#]} (64... Ra1 65. Rh2 Rf1) 65. Ke6 $2 (65. Kg5 $1 $18 Rd8 66. Re2) 65... Kxh6 $11 {The position is equal.} 66. f6 {Kf5 would kill now.} Ra8 67. Ke7 Kg6 68. Rg2+ Kh7 69. Rh2+ Kg6 70. Rg2+ Kh7 71. Rd2 {White threatens f7 and mate.} (71. f7 {is interesting.} Ra7+ 72. Kf6 Ra6+ 73. Ke5 Ra5+ 74. Ke4) 71... Kg6 72. Rd7 Kh7 73. Kf7 Kh6 74. Rc7 Kh7 75. Re7 Kh6 76. Rb7 Kh7 77. Rc7 Kh6 78. Re7 Kh7 79. Re6 Kh6 80. Re3 {Strongly threatening Rh3+.} Ra7+ 81. Re7 Ra8 82. Rc7 Kh7 83. Rd7 Kh6 84. Rd3 {Threatens to win with Rh3+.} Ra7+ 85. Ke6 {Hoping for f7.} Kg6 86. Rg3+ Kh7 87. Rd3 {Intending Rd7+ and mate.} Kg6 88. Rd6 Rf7 89. Ke5 Ra7 90. Re6 Kf7 {( -> ...Ra5+)} 91. Re7+ Rxe7+ 92. fxe7 Kxe7 93. Ke4 {Accuracy: White = 66%, Black = 59%.} 1/2-1/2